| 000 | 00963cam a2200229 4500 | ||
|---|---|---|---|
| 001 | WB3711-05 | ||
| 008 | 000000n2001 000 0 eng u | ||
| 035 | _a(Sirsi) u111439 | ||
| 245 | _aLife cycle assessment of PVC published | ||
| 260 | _c2001 | ||
| 490 |
_aDETR News Release _v(134) 13 March 2001, (2) |
||
| 520 | _aThe report, "Life Cycle Assessment of Polyvinyl Chloride and Alternatives", considers the environmental risk and impact of PVC throughout the material's life-cycle from raw elements to disposal. Copies of the summary report, which is to be published on the DETR Environment website, are available from the DETR, Tel: 020 7944 5867. | ||
| 590 | _aWB | ||
| 650 | _aBUILT ENVIRONMENT-BUILDING MATERIALS | ||
| 650 | _aENVIRONMENTAL IMPACT ASSESSMENTS | ||
| 650 | _aLIFE CYCLE ASSESSMENT | ||
| 650 | _aPVC | ||
| 650 | _aPOLYVINYL CHLORIDE | ||
| 650 | _aRISK ASSESSMENT | ||
| 690 | _aBUILT ENVIRONMENT-BUILDING MATERIALS | ||
| 942 | _n0 | ||
| 999 |
_c66396 _d66396 |
||